000 00752cab a2200277 4500
001 ABS54515
008 090401t1996 xxu||||| |||| 00| 0 eng d
035 _a(Sirsi) u10918
041 _aeng
245 _aMarket report: Greater Manchester
260 _c1996
350 _a0
490 _aProperty Week
_v54(8) 22 February 1996, 40-50(6)
650 _aALTRINCHAM
650 _aINDUSTRIAL MARKET
650 _aINVESTMENT MARKET
650 _aMANCHESTER
650 _aOLDHAM
650 _aPUBS
650 _aRESTAURANTS
650 _aPROPERTY-COMMERCIAL PROPERTY-RETAIL PROPERTY-RETAIL PROPERTY MARKET
650 _aSTOCKPORT
690 _aPROPERTY-COMMERCIAL PROPERTY-COMMERCIAL PROPERTY MARKET
942 _n0
948 _c04/03/1997
999 _c6953
_d6953